01799cam a22003135a 4500001001400000003000400014005001700018008004100035020001800076040003400094082002100128100002300149245012500172260004700297300002900344490005200373500002600425504003100451520063100482650003301113650003701146650005301183650004801236651001001284653002501294942000801319999001701327952014101344ssj0001547113OSt20201128024032.0140110s2014 nyua frb 001 2 eng d a9781606497340 aBIP USdWaSeSSdEG-ScBUEbeng04a332.042222bOBR1 aO'Brien, Thomas J.10aApplied international finance :hmanaging foreign exchange risk and international capital budgeting /bThomas J.O'Brien. aNew York : bBusiness Expert Press,c2014. a258 p. :cill. ;b24 cm.0 aThe finance and financial management collection aIndex : p. [255]-258. aBibliography : p. 249-253.8 aAnnotationbThis text is designed for use in a course in an applied international corporate finance for managers and executives. Instead of the encyclopedic approach, the text focuses on the two main issues of interest to managers who deal with overseas operations. The first main issue is how uncertain foreign exchange (FX) rate changes affect a firm's ongoing cash flows and equity value, and what can be done about that risk. The second main issue is the estimation of the cost of capital for international operations and the evaluation of overseas investment proposals. Numerous examples of real world companies are used. 7aCapital budget.2BUEsh92150 7a Foreign exchange.2BUEsh930804 7aInternational business enterprises.2BUEsh91592 7aBusiness enterprisesxFinance.2BUEsh91452 2BUEsh bBUSADMcDecember2016 2ddc c23427d23399 00102ddc40708BaccahaMAINbMAINc1STd2016-12-04ePurchaseg352.00h3656l0o332.042 OBRp000040241r2025-07-15 00:00:00v440.00yBB